Wrestlers by Picture 30: All Elite Wrestling - Statistics

General Stats
  • This quiz has been taken 114 times
  • The average score is 13 of 16
Answer Stats
Picture Answer % Correct
John Moxley
98%
Bryan Danielson
97%
MJF
93%
Kenny Omega
91%
Mr. Brodie Lee
87%
Orange Cassidy
86%
Adam Cole
83%
"Hangman" Adam Page
83%
Darby Allin
79%
Swerve Strickland
79%
Matt Jackson
76%
Nick Jackson
74%
Luchasaurus
73%
Kazuchika Okada
67%
Will Ospreay
63%
Eddie Kingston
62%
No matching quizzes found
Score Distribution
Percent of People with Each Score
Percentile by Number Answered
Your Score History
You have not taken this quiz